| 000 | 00376nam a2200145Ia 4500 | ||
|---|---|---|---|
| 008 | 230917s9999||||xx |||||||||||||| ||und|| | ||
| 040 |
_e51120 _aMAIN |
||
| 041 | _aEnglish | ||
| 082 | _a412.0016 J947L | ||
| 100 | _aJuilland, Alphonse | ||
| 245 | 4 | _aThe linguistics concept of word: analytic bibiography | |
| 260 |
_aParis _bMouton _c1972 |
||
| 300 | _a118 p. | ||
| 942 | _cBK | ||
| 999 |
_c173464 _d173464 |
||